000 00259nam a2200109Ia 4500
008 231212s1978 xx 000 0 und d
041 _aeng
082 _a621.38412
100 _ateppar
245 _aBasic Radio VI
260 _aNew Delhi
_bSatya Prakashan
_c1978
999 _c957536
_d957536